00866cam a2200241 450000100060000000300080000600500170001400800390003102000340007003500190010404000230012304100080014608200080015424500660016226000680022830000270029649000460032350400310036965000780040065000400047865000390051865100670055720038BD-RjUL20211209000519.0140226s1975 enk b 000 0 eng a0874715458 087471544X (pbk.) a(BD-RjUL)20100 aDLCcDLCdDLCbeng aeng00a82910aAnglo-Saxon prose.cEdited and translated by Michael Swanton. aLondon ;bDent;aTotowa, N.J. :bRowman and Littlefield,c1975. axxvi, 188 p. ;c20 cm.0 aRowman and Littlefield university library aBibliography: p. xxv-xxvi. 0aEnglish prose literatureyOld English, ca. 450-1100xModernized versions. 0aAnglo-SaxonsxLiterary collections. 0aMiddle AgesxLiterary collections. 0aGreat BritainxHistoryyAnglo-Saxon period, 449-1066xSources.